Giáo trình hóa dược - dược lý (Dùng trong các trường THCN)

Nội dung tài liệu cập nhật những thông tin, kiến thức mới. Bộ sách được chia thành 2 phần chính: Phần hóa dược nghiên cứu về cấu trúc, tính chất hóa, lý của các thuốc; phần dược lý nghiên cứu về tác dụng của thuốc trên cơ thể ngu...

תיאור מלא

שמור ב:
מידע ביבליוגרפי
מחבר ראשי: Nguyễn, Thúy Dần
פורמט: ספר
שפה:Undetermined
יצא לאור: Hà Nội Nhà xuất bản Hà Nội 2007
נושאים:
תגים: הוספת תג
אין תגיות, היה/י הראשונ/ה לתייג את הרשומה!
Thư viện lưu trữ: Trung tâm Học liệu Trường Đại học Cần Thơ
LEADER 01094nam a2200217Ia 4500
001 CTU_148268
008 210402s9999 xx 000 0 und d
020 |c 24000 
082 |a 615.19 
082 |b D121/P.2 
100 |a Nguyễn, Thúy Dần 
245 0 |a Giáo trình hóa dược - dược lý 
245 0 |b (Dùng trong các trường THCN) 
245 0 |c Nguyễn Thúy Dần, Lê Thị Hải Yến 
260 |a Hà Nội 
260 |b Nhà xuất bản Hà Nội 
260 |c 2007 
520 |a Nội dung tài liệu cập nhật những thông tin, kiến thức mới. Bộ sách được chia thành 2 phần chính: Phần hóa dược nghiên cứu về cấu trúc, tính chất hóa, lý của các thuốc; phần dược lý nghiên cứu về tác dụng của thuốc trên cơ thể người. 
650 |a Chemistry, medical and pharmaceutical,Hóa học, y dược 
904 |i Duy Bằng 
980 |a Trung tâm Học liệu Trường Đại học Cần Thơ